| 000 | 00951cam a2200253 a 4500 | ||
|---|---|---|---|
| 001 | 1165201 | ||
| 005 | 20250520163420.0 | ||
| 008 | 961122s1997 mnu b 001 0 eng | ||
| 020 | _a0814661513 | ||
| 050 | 0 | 0 |
_aBX1977.A35 _bU97 1997 |
| 082 | 0 | 0 |
_a264.02 _221 |
| 100 | 1 | _aUzukwu, E. Elochukwu. | |
| 245 | 1 | 0 |
_aWorship as body language : _bintroduction to Christian worship : an African orientation / _cElochukwu E. Uzukwu. |
| 260 |
_aCollegeville, Minn. : _bLiturgical Press, _cc1997. |
||
| 300 |
_axi, 369 p. ; _c23 cm. |
||
| 500 | _a"A Pueblo book." | ||
| 650 | 0 | _aGesture in worship. | |
| 650 | 0 | _aPosture in worship. | |
| 650 | 0 |
_aGesture _xReligious aspects _xChristianity. |
|
| 650 | 0 | _aBody language. | |
| 856 | 4 | 2 |
_3Contributor biographical information _uhttp://www.loc.gov/catdir/enhancements/fy1401/96051705-b.html |
| 856 | 4 | 2 |
_3Publisher description _uhttp://www.loc.gov/catdir/enhancements/fy1401/96051705-d.html |
| 942 |
_2lcc _cBK _n0 |
||
| 999 |
_c5861 _d5861 |
||